000 00677nam a2200217Ii 4500
003 JO-AjNU
008 230605s9999||||xx |||||||||||||| ||und||
017 _a2012/2/650
040 _aJO-AjNU
_bara
_erda
_cJO-AjNU
041 _aara
050 1 4 _aPJ7820 2012
100 3 _aالعزة، حكمت محمد,
_eauthor
_950515
245 0 0 _aمجموعة قصصية: صور
250 _aط1
264 3 1 _aعمان: دار يافا للنشر والتوزيع، 2012
300 _a79ص
336 _atext
_btxt
_2rdacontent
337 _aunmediated
_bn
_2rdamedia
338 _avolume
_bnc
_2rdacarrier
650 4 _aالقصص - القصص العربية القصيرة
_950516
999 _aA22257
_c25825
_d25825